000 00293nam a22001337a 4500
008 190305b xxu||||| |||| 00| 0 eng d
020 _a9780061941221
041 _aeng
080 _a330
100 _a50
101 _aEKO
245 _aSuper Freak Economists
_cLevitt, S.D
942 _2udc
_cBK
999 _c54536
_d54536